Rezervy – daňové a účtovné hľadisko

Pokračovanie príspevku z predchádzajúceho čísla. Praktické príklady, ktoré sú zamerané na jednotlivé rezervy. Príklady sú doplnené výpočtom a zaúčtovaním rezerv.

Salvato in:
Dettagli Bibliografici
Autore principale: Kolembus, Anton
Natura: Capitolo di libro
Lingua:slovacco
Soggetti:
Tags: Aggiungi Tag
Nessun Tag, puoi essere il primo ad aggiungerne!!

MARC

LEADER 00000naa a2200000 4500
001 0207105
005 20231208091153.0
041 0 |a slo 
044 |a SK 
245 1 0 |a Rezervy – daňové a účtovné hľadisko  |c Anton Kolembus 
520 |a Pokračovanie príspevku z predchádzajúceho čísla. Praktické príklady, ktoré sú zamerané na jednotlivé rezervy. Príklady sú doplnené výpočtom a zaúčtovaním rezerv. 
610 2 0 |a rezervy 
610 2 0 |a zdaňovanie 
610 2 0 |a účtovanie 
610 2 0 |a účtovníctvo podvojné 
100 1 |a Kolembus, Anton